ბათუმის შოთა რუსთაველის სახელმწიფო უნივერსიტეტის ბიბლიოთეკა

გულანი 14. =Gulani 14 (ბიბ.ჩანაწერი № 43401)

000 -LEADER
fixed length control field 00782nam a2200205Ia 4500
001 - CONTROL NUMBER
control field 10129
003 - CONTROL NUMBER IDENTIFIER
control field GE_BSU
008 - FIXED-LENGTH DATA ELEMENTS--GENERAL INFORMATION
fixed length control field 181216s||||||||xx |||||||||||||| ||und||
020 ## - INTERNATIONAL STANDARD BOOK NUMBER
International Standard Book Number 1987-6157
040 ## - CATALOGING SOURCE
Transcribing agency GE_BSU
080 ## - UNIVERSAL DECIMAL CLASSIFICATION NUMBER
Universal Decimal Classification number 81+82+93/94+37
245 ## - TITLE STATEMENT
Title გულანი 14. =Gulani 14
245 ## - TITLE STATEMENT
Statement of responsibility, etc. რედ. მერაბ ბერიძე.სარედ. საბჭო ნესტან სულავა (რედ.მოადგილე),მაკა ბერიძე(პასუხისმგებ. მდივანი და სხვ.)
260 ## - PUBLICATION, DISTRIBUTION, ETC.
Place of publication, distribution, etc. ახალციხე
260 ## - PUBLICATION, DISTRIBUTION, ETC.
Name of publisher, distributor, etc. ახალციხის უნ–ტი
260 ## - PUBLICATION, DISTRIBUTION, ETC.
Date of publication, distribution, etc. 2014
300 ## - PHYSICAL DESCRIPTION
Extent 279გვ.20სმ.
653 ## - INDEX TERM--UNCONTROLLED
Uncontrolled term გულანი 14. –Gulani 14
942 ## - ADDED ENTRY ELEMENTS (KOHA)
Koha item type წიგნი
ეგზემპლარები
Withdrawn status Lost status Damaged status Not for loan Date acquired Barcode Date last seen Price effective from Koha item type
        2018-12-17 18708 2018-12-17 2018-12-17 წიგნი